000 00723nam a2200253Ia 4500
003 OSt
005 20220918163558.0
006 a|||||r|||| 00| 0
007 ta
008 220917b |||||||| |||| 00| 0 eng d
020 _a019 565153 7
024 _a200,825
037 _cTextual
040 _aARTS
_cARTS
_beng
041 _2eng
_aeng
082 _aT:1, N9
100 _aLal Deepak
_913968
245 0 _aUnintended consequences
_bthe impact of factor endowments, culture and politics on long-run economic performance
260 _aNew Delhi
_bOxford university press
_c1999
300 _ax:287p
_ccm.
650 _aEDUCATION
942 _hT:1, N9
_cTEXL
_2CC
999 _c120266
_d120266